| 000 | 01849nam a22004577a 4500 | ||
|---|---|---|---|
| 001 | 0003234 | ||
| 003 | KOHA_MİRAKIL | ||
| 005 | 20260207001331.0 | ||
| 007 | ta | ||
| 008 | 120824b2008 tu |||gr||||#||||0|tur | | ||
| 020 |
_a9789758195237 _cTL0,01 |
||
| 040 |
_aTR-BiSEU _btur _cTR-BiSEU _erda |
||
| 041 | 0 | _atur | |
| 044 | _ctu | ||
| 050 |
_aHD62.45 _b.C35 2008 |
||
| 100 | 1 | _aÇak, Murat. | |
| 245 | 1 |
_aUluslararası vergi rekabeti transfer fiyatlaması ve vergilendirilmesi/ _cMurat Çak ; Murat Çak. |
|
| 264 | 1 |
_aAnkara : _bMaliye Bakanlığı Strateji Geliştirme Başkanlığı _c2008 |
|
| 300 | _aX, 166 sayfa: tablo; 25 cm. | ||
| 336 |
_ametin _btxt _2rdacontent |
||
| 337 |
_aaracısız _bn _2rdamedia |
||
| 338 |
_acilt _bnc _2rdacarrier |
||
| 490 | 1 |
_aMaliye Bakanlığı Strateji Geliştirme Başkanlığı ; _vyayın no. |
|
| 490 | 1 | _a 2008/385. | |
| 500 | _aKaynakça var. | ||
| 650 | 0 |
_aUluslararası ticari işletmeler--Vergilendirme. _98108 |
|
| 650 | 0 |
_aUluslararası ticari işletmeler--Vergi Hukuku ve mevzuat--Türkiye. _98109 |
|
| 650 | 0 |
_aTransfer Fiyatlandırması. _98110 |
|
| 650 | 0 |
_aTransfer Fiyatlandırması--Vergi Hukuk ve mevzuat. _98111 |
|
| 650 | 0 |
_aTransfer Fiyatlandırması--Vergi Hukuk ve mevzuat--Türkiye. _98112 |
|
| 650 | 0 |
_aDöviz Kurları. _98113 |
|
| 650 | 0 |
_aInternational business enterprises--Taxation. _98114 |
|
| 650 | 0 |
_aInternational business enterprises--Taxation--Law and legislation--Turkey. _98115 |
|
| 650 | 0 |
_aTransfer pricing. _98116 |
|
| 650 | 0 |
_aTransfer pricing--Taxation--Law and legislation. _98117 |
|
| 650 | 0 |
_aTransfer pricing--Taxation--Law and legislation--Turkey. _98118 |
|
| 650 | 0 |
_aForeign exchange. _98119 |
|
| 830 | 1 |
_aMaliye Bakanlığı Strateji Geliştirme Başkanlığı ; _vyayın no. _98105 |
|
| 830 | 1 |
_a 2008/385. _98120 |
|
| 942 |
_2lcc _cBK |
||
| 999 |
_c3218 _d3218 |
||